Fast Food Restaurants Quiz - Statistics

General Stats
  • This quiz has been taken 140 times
  • The average score is 25 of 78
Answer Stats
Segment Answer % Correct
Burger McDonald's
95%
Burger Burger King
90%
Pizza Pizza Hut
88%
Burger Wendy's
81%
Pizza Domino's
79%
Sandwich Subway
79%
Chicken KFC
74%
Mexican Taco Bell
71%
Sandwich Arby's
62%
Doughnuts Dunkin' Donuts
61%
Pizza Papa John's Pizza
61%
Chicken Chick-fil-A
60%
Ice Cream Dairy Queen
60%
Chinese Panda Express
60%
Coffee Starbucks
58%
Chicken Popeyes
52%
Mexican Chipotle
50%
Burger Five Guys
45%
Burger Hardee's
45%
Burger Sonic Drive-In
42%
Ice Cream Baskin-Robbins
39%
Italian Olive Garden
39%
Burger Jack in the Box
38%
Doughnuts Krispy Kreme
38%
Pizza Little Caesars
38%
Burger Whataburger
38%
Sandwich Panera Bread
37%
Pretzels Auntie Anne's
36%
Burger White Castle
36%
American Applebee's
33%
Seafood Red Lobster
32%
Diner Denny's
31%
Diner IHOP
31%
Juice Jamba Juice
29%
American Chili's
26%
Ice Cream Cold Stone
26%
Sandwich Jersey Mike's Subs
26%
Seafood Long John Silver's
26%
Burger Carl's Jr.
25%
Sandwich Jimmy John's
25%
Sandwich Quiznos
25%
Chicken Church's
24%
Mexican Qdoba Mexican Grill
24%
Burger Red Robin
24%
Burger Culver's
23%
Chicken Zaxby's
23%
Mexican Moe's Southwest Grill
21%
American Outback Steakhouse
21%
American Buffalo Wild Wings
20%
American T.G.I. Friday's
20%
Burger A&W
19%
Burger Steak 'n Shake
19%
Burger In-N-Out Burger
17%
American Ruby Tuesday
15%
Diner Waffle House
15%
American Boston Market
14%
Pizza Sbarro
14%
Pizza California Pizza Kitchen
13%
American Cheesecake Factory
13%
Ice Cream Ben & Jerry's
12%
Diner Bob Evan's
12%
Seafood Bonefish Grill
12%
American LongHorn Steakhouse
12%
Chinese Benihana
11%
Pizza CiCi's Pizza
11%
Burger Fuddruckers
10%
Pizza Jet's Pizza
10%
Noodles Noodles & Company
10%
Sandwich Potbelly Sandwich Works
8%
Pizza Giordano's
7%
Burger Johnny Rockets
7%
Burger Portillo's
7%
American Rainforest Cafe
7%
Burger Smashburger
7%
Italian Brio
6%
Barbecue Famous Dave's
6%
American Hooters
5%
American Dave & Buster's
4%
No matching quizzes found
Score Distribution
Percent of People with Each Score
Percentile by Number Answered
Your Score History
You have not taken this quiz